| 000 | 00669nam a22001817a 4500 | ||
|---|---|---|---|
| 005 | 20151120110642.0 | ||
| 010 | _aENG-114159 | ||
| 020 |
_c240.00 _a9789350352793 |
||
| 035 | _aEN-97691 | ||
| 037 | _bDBAD/PUB | ||
| 082 | _a340.071154 | ||
| 100 | _aBhatia, K.L. | ||
| 245 |
_aMoot court and mock trial : _cby K.L. Bhatia ; assisted by Sumeet Bhatia...[et al] _bart to and art of advocacy : essentials of court craft / |
||
| 260 |
_aNew Delhi _bUniversal Law Publishing _c2013 |
||
| 270 |
_aC-FF-1A, Dilkhush Industrial Estate, G.T. Karnal Road, _bNew Delhi _e110033 |
||
| 300 |
_axix,203p.: _c25cm(pbk) _bill. |
||
| 942 |
_2ddc _cEN _mBHA _h340.071154 |
||
| 999 |
_c97454 _d97454 |
||